Top 30 des marques de vêtements les plus populaires en France - Statistiques

Statistiques générales
  • Ce quiz a été pris 154 fois
  • Le résultat moyen est 10 sur 30
Statistiques - réponses
Top Marques % Correct
1 Nike
95%
2 Adidas
91%
3 Zara
78%
4 H&M
67%
6 Lacoste
52%
11 Bershka
50%
7 Levi's
42%
12 Pull&Bear
41%
10 Celio
39%
15 Kiabi
39%
29 Louis Vuitton
39%
14 Mango
39%
9 Shein
34%
21 Ralph Lauren
33%
16 Jules
30%
13 Stradivarius
30%
8 Decathlon
29%
5 Uniqlo
25%
22 Tommy Hilfiger
22%
23 The North Face
20%
19 Etam
19%
17 Pimkie
19%
28 Balenciaga
12%
25 Carhartt
11%
30 Hollister
10%
20 Undiz
9%
18 Brice
8%
27 Sandro
7%
26 Dickies
2%
24 Patagonia
0%
Aucun quiz correspondant
Distribution des résultats
% des personnes avec chaque résultat
Percentile par nombre de réponses
Votre historique - résultats
Vous n’avez pas pris ce quiz